Gaming Quiz

Random Gaming Quiz

Super Smash Bros. 4 Final Smashes Quiz Stats

Quiz not verified by Sporcle

Challenge
Share
Tweet
Embed
Score 0/58 Timer 15:00
0 Plays Today
Fighter Final Smash % Correct
BowserGiga Bowser
85.7%
IkeGreat Aether
85.7%
Captain FalconBlue Falcon
82.1%
LinkTriforce Slash
82.1%
LucinaCritical Hit
82.1%
MarthCritical Hit
82.1%
RoyCritical Hit
82.1%
Toon LinkTriforce Slash
82.1%
CloudOmnislash
78.6%
FalcoLandmaster
78.6%
FoxLandmaster
78.6%
JigglypuffPuff Up
78.6%
SheikLight Arrow
78.6%
ZeldaLight Arrow
78.6%
CharizardMega Evolution
75%
Dr. MarioDoctor Finale
75%
GanondorfBeast Ganon
75%
Little MacGiga Mac
75%
LucarioMega Evolution
75%
MarioMario Finale
75%
LucasPK Starstorm
71.4%
NessPK Starstorm
71.4%
PeachPeach Blossom
71.4%
PikachuVolt Tackle
71.4%
Bowser Jr.Shadow Mario Paint
67.9%
MewtwoPsystrike
67.9%
Mr. Game & WatchOctopus
67.9%
OlimarEnd of Day
67.9%
PalutenaBlack Hole Laser
67.9%
Fighter Final Smash % Correct
PitThree Sacred Treasures
67.9%
SamusZero Laser
67.9%
SonicSuper Sonic
67.9%
Zero Suit SamusGunship
67.9%
Donkey KongKonga Beat
64.3%
Duck HuntNES Zapper Posse
64.3%
GreninjaSecret Ninja Attack
64.3%
KirbyUltra Sword
64.3%
LuigiPoltergust 5000
64.3%
RobinPair-Up
64.3%
WarioWario-Man
64.3%
Dark PitDark Pit Staff
60.7%
Diddy KongRocketbarrel Barrage
60.7%
Mega ManMega Legends
60.7%
YoshiSuper Dragon
60.7%
BayonettaInfernal Climax
57.1%
King DededeDedede Burst
57.1%
Meta KnightGalaxia Darkness
57.1%
Mii BrawlerOmega Blitz
57.1%
PAC-MANSuper PAC-MAN
57.1%
R.O.B.Super Diffusion Beam
57.1%
RyuShin Shoryuken\Shinku Hadoken
57.1%
VillagerDream Home
57.1%
Wii Fit TrainerWii Fit
57.1%
CorrinTorrential Roar
53.6%
Rosalina & LumaPower Star
53.6%
ShulkChain Attack
53.6%
Mii SwordfighterFinal Edge
50%
Mii GunnerFull Blast
42.9%

You're not logged in!

Compare scores with friends on all Sporcle quizzes.
Join for Free
OR
Log In

You Might Also Like...

Show Comments

Extras

Top Quizzes Today


Score Distribution

Your Account Isn't Verified!

In order to create a playlist on Sporcle, you need to verify the email address you used during registration. Go to your Sporcle Settings to finish the process.

Report this User

Report this user for behavior that violates our Community Guidelines.

Details: